000 00823nam a22002417a 4500
020 _a719003547
082 _a355.02
_bBRA
_cL-30, P-5
110 _aBateman Elliot, Micheal
_948685
245 _aThe fourth dimension of warfare
_cMicheal Bateman Elliot
260 _aEngland :
_bManchester University Press,
_c1970.
300 _axi, 181 p. :
526 _a0
_b0
_c0
_d355_020000000000000_BRA
526 _a0
_b0
_c0
_d355_020000000000000_BRA
526 _a0
_b0
_c0
_d355_020000000000000_BRA
526 _a0
_b0
_c0
_d355_020000000000000_BRA
526 _a0
_b0
_c0
_d355_020000000000000_BRA
526 _a0
_b0
_c0
_d355_020000000000000_BRA
526 _a0
_b0
_c0
_d355_020000000000000_BRA
526 _a0
_b0
_c0
_d355_020000000000000_BRA
526 _a0
_b0
_c0
_d355_020000000000000_BRA
650 _aMCE
_9379
942 _2ddc
_cBK
999 _c551542
_d551542